<?xml version="1.0" encoding="UTF-8"?>
<collection xmlns:xsi="http://www.w3.org/2001/XMLSchema-instance" xsi:schemaLocation="http://www.loc.gov/MARC21/slim http://www.loc.gov/standards/marcxml/schema/MARC21slim.xsd" xmlns="http://www.loc.gov/MARC21/slim">
 <record>
  <leader>00000cam a22000003a 4500</leader>
  <controlfield tag="001">UP-1685594773861923895</controlfield>
  <controlfield tag="003">Buklod</controlfield>
  <controlfield tag="005">20130705100218.0</controlfield>
  <controlfield tag="006">g||| |     ||   ||</controlfield>
  <controlfield tag="007">ta</controlfield>
  <controlfield tag="008">130705s2008    xx     d     r    |||| u|</controlfield>
  <datafield tag="020" ind1=" " ind2=" ">
   <subfield code="a">9789710383740 (set)</subfield>
  </datafield>
  <datafield tag="035" ind1=" " ind2=" ">
   <subfield code="a">(iLib)UPBAG-00010771555</subfield>
  </datafield>
  <datafield tag="090" ind1=" " ind2=" ">
   <subfield code="a">TD 789 A84</subfield>
   <subfield code="b">S62 2008</subfield>
  </datafield>
  <datafield tag="245" ind1="0" ind2="0">
   <subfield code="a">Social Transformation through Environmental Program (STEP) for effective waste management</subfield>
   <subfield code="b">training manual (modules 1-5) : residual, recycle, re-use, reduce.</subfield>
  </datafield>
  <datafield tag="264" ind1=" " ind2="1">
   <subfield code="a">Pasig City</subfield>
   <subfield code="b">Local Government Academy, Department of the Interior and Local Government</subfield>
   <subfield code="c">c2008.</subfield>
  </datafield>
  <datafield tag="300" ind1=" " ind2=" ">
   <subfield code="a">5 v.</subfield>
   <subfield code="b">ill. (chiefly col.), col. maps</subfield>
   <subfield code="c">18 cm.</subfield>
  </datafield>
  <datafield tag="500" ind1=" " ind2=" ">
   <subfield code="a">&quot;This project was undertaken in collaboration with the Union of Local Authorities of the Philippines (ULAP) and Swedish Association of Local Authorities and Regions, International Development Agency (SALAIDA) with funding assistance from the Swedish International Development Agency (SIDA).</subfield>
  </datafield>
  <datafield tag="504" ind1=" " ind2=" ">
   <subfield code="a">Includes bibliographical references.</subfield>
  </datafield>
  <datafield tag="505" ind1="0" ind2=" ">
   <subfield code="a">Module 1. Waking up : knowing the current situation in Asia and the Philippines -- Module 2. Solid waste management framework : gains and challenges -- Module 3. Advocate and build alliances towards effective solid waste management -- Module 4. Reaching out and focusing in : advocacy and governance -- Module 5. Planning a course of action and moving on.</subfield>
  </datafield>
  <datafield tag="650" ind1=" " ind2="0">
   <subfield code="a">Refuse and refuse disposal</subfield>
   <subfield code="z">Asia</subfield>
   <subfield code="x">Handbooks, manuals, etc.</subfield>
  </datafield>
  <datafield tag="650" ind1=" " ind2="0">
   <subfield code="a">Refuse and refuse disposal</subfield>
   <subfield code="z">Philippines</subfield>
   <subfield code="x">Handbooks, manuals, etc.</subfield>
  </datafield>
  <datafield tag="650" ind1=" " ind2="0">
   <subfield code="a">Recycling (Waste, etc.)</subfield>
   <subfield code="z">Asia</subfield>
   <subfield code="x">Handbooks, manuals, etc.</subfield>
  </datafield>
  <datafield tag="650" ind1=" " ind2="0">
   <subfield code="a">Recycling (Waste, etc.)</subfield>
   <subfield code="z">Philippines</subfield>
   <subfield code="x">Handbooks, manuals, etc.</subfield>
  </datafield>
  <datafield tag="650" ind1=" " ind2="0">
   <subfield code="a">Refuse and refuse disposal</subfield>
   <subfield code="z">Asia</subfield>
   <subfield code="x">Citizen participation.</subfield>
  </datafield>
  <datafield tag="650" ind1=" " ind2="0">
   <subfield code="a">Refuse and refuse disposal</subfield>
   <subfield code="z">Philippines</subfield>
   <subfield code="x">Citizen participation.</subfield>
  </datafield>
  <datafield tag="650" ind1=" " ind2="0">
   <subfield code="a">Recycling (Waste, etc.)</subfield>
   <subfield code="z">Asia</subfield>
   <subfield code="x">Citizen participation.</subfield>
  </datafield>
  <datafield tag="650" ind1=" " ind2="0">
   <subfield code="a">Recycling (Waste, etc.)</subfield>
   <subfield code="z">Philippines</subfield>
   <subfield code="x">Citizen participation.</subfield>
  </datafield>
  <datafield tag="710" ind1="2" ind2=" ">
   <subfield code="a">Department of Interior and Local Government.</subfield>
   <subfield code="b">Local Government Academy.</subfield>
  </datafield>
  <datafield tag="710" ind1="2" ind2=" ">
   <subfield code="a">Union of Local Authorities of the Philippines.</subfield>
  </datafield>
  <datafield tag="710" ind1="2" ind2=" ">
   <subfield code="a">Swedish Association of Local Authorities and Regions, International Development Agency.</subfield>
  </datafield>
  <datafield tag="710" ind1="2" ind2=" ">
   <subfield code="a">Swedish International Development Agency.</subfield>
  </datafield>
  <datafield tag="852" ind1="0" ind2=" ">
   <subfield code="a">UPBAG</subfield>
   <subfield code="b">KTRC</subfield>
   <subfield code="h">TD 789 A84 S62 2008</subfield>
  </datafield>
  <datafield tag="942" ind1=" " ind2=" ">
   <subfield code="a">Book</subfield>
  </datafield>
 </record>
</collection>
